The Stand Deaths Quiz Stats

 Plays Quiz not verified by Sporcle

Challenge
Share
Tweet
Embed
Score 0/20 Timer 10:00
0 Plays Today
Death Character % Correct
Killed in bombing of Free Zone CommitteeNick Andros
86.6%
Killed in the destruction of Las VegasThe Trashcan Man
80.7%
Left to die; shoots himselfHarold Lauder
79.8%
Killed in the destruction of Las VegasLarry Underwood
79%
Thrown off balcony of MGM Grand by FlaggNadine Cross
75.6%
Old age, exhaustion, injuriesMother Abigail
74.8%
Gunned downJudge Farris
73.9%
Kiled in the destruction of Las VegasLloyd Heinreid
70.6%
Killed in the destruction of Las VegasRalph Brentner
68.1%
Executed on Flagg's orders for refusing to worshipGlen Bateman
65.5%
Death Character % Correct
Impales herself on broken window glassDayna Jurgens
58.8%
Mauled by wolvesThe Kid
58.8%
Killed in bombing of Free Zone Committee meetingSusan Stern
56.3%
Catches Captain Trips and crashes into a gas pumpCharles D. Campion
52.9%
Killed in the destruction of Las VegasThe Rat Man
45.4%
Killed by Flagg with ball of light and energyWhitney Horgan
43.7%
Commits suicideRita Blakemore
40.3%
Killed in the destruction of Las VegasJulie Lawry
39.5%
Commits suicideBilly Starkey
37.8%
Killed in the destruction of Las VegasJenny Engstrom
28.6%

You're not logged in!

Compare scores with friends on all Sporcle quizzes.
Join for Free
OR
Log In

You Might Also Like...

Show Comments

Extras

Top Quizzes Today


Score Distribution

Your Account Isn't Verified!

In order to create a playlist on Sporcle, you need to verify the email address you used during registration. Go to your Sporcle Settings to finish the process.

Report this User

Report this user for behavior that violates our Community Guidelines.

Details: